| 000 | 01232cab a2200265 4500 | ||
|---|---|---|---|
| 001 | ABS58565 | ||
| 008 | 090401t1998 xxu||||| |||| 00| 0 eng d | ||
| 035 | _a(Sirsi) u85438 | ||
| 041 | _aeng | ||
| 100 | _aRobinson, G. | ||
| 245 | _aLandfill as a future waste management option in England: the view of landfill operators | ||
| 260 | _c1998 | ||
| 350 | _a0 | ||
| 490 |
_aGeographical Journal _v164(1) 1 March 1998, 55-66(13) |
||
| 520 | _aResults of a survey of waste disposal authorities and private disposal contractors to assess the future potential role of landfill as a waste management option for municipal waste in England. Having in mind, that, by the year 2010, many regions of England will be suffering a shortage of landfill sites, focuses on the take-up rates of alternative treatment routes to landfill, recycling and waste-to-energy, by the private and public sectors. Summarises the present UK waste strategy. Details of responses, maps, references. | ||
| 650 | _aFUTURE | ||
| 650 | _aLANDFILL | ||
| 650 | _aMUNICIPAL SOLID WASTE | ||
| 650 | _aWASTE MANAGEMENT | ||
| 690 | _aENVIRONMENTAL AND LAND CONSULTANCY | ||
| 700 | _aPhillips, P. | ||
| 700 | _aRead, A. | ||
| 942 | _n0 | ||
| 948 | _c06/04/1998 | ||
| 999 |
_c53727 _d53727 |
||